UBT Library

UNDERSTANDING HUMAN BEHAVIOR (Record no. 4418)

000 -LEADER
fixed length control field 00310nam a22001457a 4500
008 - FIXED-LENGTH DATA ELEMENTS--GENERAL INFORMATION
fixed length control field 170203b xxu||||| |||| 00| 0 eng d
020 ## - INTERNATIONAL STANDARD BOOK NUMBER
International Standard Book Number 0683077414
041 ## - LANGUAGE CODE
Language code of text/sound track or separate title eng
080 ## - UNIVERSAL DECIMAL CLASSIFICATION NUMBER
Universal Decimal Classification number 61
082 ## - DEWEY DECIMAL CLASSIFICATION NUMBER
Edition number 3RD
100 ## - Rafti
Rafti 3
101 ## - Shkurtesa
Shkurtesa SHM
245 ## - TITLE STATEMENT
Title UNDERSTANDING HUMAN BEHAVIOR
Statement of responsibility, etc SIMONS .
942 ## - ADDED ENTRY ELEMENTS (KOHA)
Source of classification or shelving scheme
Item type Books
Holdings
Withdrawn status Lost status Source of classification or shelving scheme Damaged status Not for loan Collection code Permanent location Current location Shelving location Date acquired Total Checkouts Full call number Barcode Date last seen Price effective from Koha item type
          Koleksioni i përgjithshem UBT - Lipjan UBT - Lipjan Koleksioni i përgjithshem 02/03/2017   61 SIM 002-031255 02/03/2017 02/03/2017 Books
UBT Library © 2015-2024. All rights reserved University Education for Business and Technology